|
|
|
|
| LEADER |
00895aam a22002658a 4500 |
| 001 |
00028752 |
| 005 |
20171026081025.0 |
| 008 |
120403s2007 ||||||viesd |
| 020 |
|
|
|c 24000
|
| 041 |
0 |
# |
|a vie
|
| 082 |
1 |
4 |
|a 158.1
|b T311V
|
| 100 |
1 |
# |
|a Hay, Louise L.
|
| 245 |
1 |
0 |
|a Tin vào chính mình
|c Louise L. Hay; Hoa Phượng, Nguyễn Văn Ý biên dịch
|b How to use affirmations to change your life
|
| 246 |
0 |
1 |
|a I can do it
|
| 260 |
# |
# |
|a Hà Nội
|b Thanh Niên
|c 2007
|
| 300 |
# |
# |
|a 159tr.
|c 21cm.
|
| 650 |
# |
4 |
|a Tâm lý học
|
| 653 |
# |
# |
|a Cuộc sống
|
| 653 |
# |
# |
|a Kỹ năng sống
|
| 700 |
0 |
# |
|a Hoa Phượng
|e biên dịch
|
| 700 |
1 |
# |
|a Nguyễn, Văn Ý
|e biên dịch
|
| 852 |
# |
# |
|b Kho đọc
|j KD.0013057
|
| 852 |
# |
# |
|j KD.0013057
|
| 910 |
|
|
|d 03/04/2012
|
| 980 |
# |
# |
|a Trung tâm Học liệu Lê Vũ Hùng, Trường Đại học Đồng Tháp
|